Największe państwa w Europie pod względem ludności. - Statystyki

Ogólne statystyki
  • Ten quiz został rozwiązany 68 razy
  • Średni wynik to 9 z 10
Statystyki odpowiedzi
Liczba ludności Państwo % Poprawnych
65,2 mln Francja
100%
83,7 mln Niemcy
100%
145,9 mln Rosja
100%
37,8 mln Polska
98%
46,7 mln Hiszpania
97%
43,7 mln Ukraina
97%
67,8 mln Wielka Brytania
95%
60,4 mln Włochy
93%
19,2 mln Rumunia
83%
17,1 mln Holandia
78%
Nie znaleziono quizów pasujących do podanych kryteriów
Rozkład punktacji
Procent ludzi z każdym wynikiem
Percentyl według liczby udzielonych odpowiedzi
Twoja historia wyników
Nie rozwiązałeś tego quizu